000 nam a22 7a 4500
999 _c49293
_d49293
003 OSt
005 20191118120631.0
008 191118b xxu||||| |||| 00| 0 eng d
040 _cSERO SOFT
100 _aMISRA, S.N
245 _aINDIAN PENAL CODE
260 _aALLAHABAD
_bCLP
300 _a1052
942 _2ddc
_c02